000 01004cam a2200289 4500
999 _c129716
_d129716
001 1248563
005 20190815122252.0
008 720705s1971 ja b 000 0 eng
010 _a 72309884
015 _aJa***
040 _aDLC
_cDLC
_dDLC
041 1 _aengjpn
043 _aa-ja---
050 0 0 _aDS821
_b.M4813
082 0 0 _a915.2/03/4
100 1 _aMinami, Hiroshi,
_d1914-2001.
_947843
240 1 0 _aNihonjin no shinri.
_lEnglish
245 1 0 _aPsychology of the Japanese people.
_cTranslated by Albert R. Ikoma, under the auspices of the East-West Center.
260 _a[Tokyo]
_bUniversity of Tokyo Press
_c[1971]
300 _axvii, 177 p.
_c24 cm.
350 _aY2000
500 _a"Originally published in Japanese as Nihonjin no shinri by Iwanami Shoten, Tokyo, 1953."
504 _aIncludes bibliographical references.
650 0 _aNational characteristics, Japanese.
_947844
906 _a7
_bcbc
_corignew
_d3
_encip
_f19
_gy-gencatlg
942 _2lcc
_cMONOGRAPH